| 000 | 02436nam0a2200385 4500 | ||
|---|---|---|---|
| 001 | RU\NLR\BIBL_A\012498198 | ||
| 005 | 20210525123310.0 | ||
| 010 |
_a978-5-907321-62-5 _9100 |
||
| 021 |
_aRU _bКН-П-20-077400 _9КН-П-20-5844 |
||
| 035 | _a(NLR Aleph) 012498198 | ||
| 035 | _a(RuMoRGB)010503623 | ||
| 090 |
_a12215656 _c12215656 |
||
| 100 | _a20210407d2020 u y0rusy50 ca | ||
| 101 | 0 | _arus | |
| 102 | _aRU | ||
| 105 | _aa j 000zy | ||
| 181 | 0 |
_ai3 _baxxe |
|
| 182 | 0 | _an | |
| 200 | 1 |
_aЭлектронные таблицы MS Excel в практической деятельности специалиста здравоохранения _eучебно-методическое пособие _eдля обучающихся по направлению подготовки 32.04.01 "Общественное здравоохранение", уровень подготовки - магистратура _fВ. Я. Гельман, А. А. Тихомирова, М. А. Дохов _gМинистерство здравоохранения Российской Федерации, Санкт-Петербургский государственный педиатрический медицинский университет |
|
| 203 |
_aТекст _bвизуальный _cнепосредственный |
||
| 210 |
_aСанкт-Петербург _cСПбГПМУ _d2020 |
||
| 215 |
_a52, [1] с. _cил., табл. _d21 |
||
| 225 | 1 | _aБиблиотека Педиатрического университета | |
| 320 | _aБиблиогр.: с. 52 (5 назв.) | ||
| 606 | 1 |
_aMICROSOFT EXCEL, электронные таблицы _xПрименение в здравоохранении _jУчебно-методические пособия для высших учебных заведений _2nlr_sh2 _3RU\NLR\AUTH\6601687606 |
|
| 686 | 1 | _aР.с51я73 | |
| 700 | 1 |
_aГельман _bВ. Я. _cд-р техн. наук _gВиктор Яковлевич _3RU\NLR\AUTH\7750508 |
|
| 701 | 1 |
_aТихомирова _bА. А. _cканд. экон. наук, мед. информатика _gАлександра Александровна _3RU\NLR\AUTH\770230142 |
|
| 701 | 1 |
_aДохов _bМ. А. _gМихаил Александрович |
|
| 942 | _cBOOK | ||
| 980 | _aNBR | ||
| 980 | _aNB | ||